El cuarto de hora para Dios o Consideraciones en forma de meditaciones para todos los días del año

Saved in:
Bibliographic Details
Main Author: Larfeuil, Marie Joseph (Author)
Format: Book
Language:Spanish
Published: París A. y R. Roger y F. Chernoviz, editores 1904
Edition:3a. ed
Subjects:
Tags: Add Tag
No Tags, Be the first to tag this record!

MARC

LEADER 00000cam a2200000 a 4500
001 UCD0430
003 CL-VaPUC
008 151127e19040000fr |||||||||||||||||spa|d
082 0 4 |a 248.34  |b LAR  |2 21 
100 |a Larfeuil, Marie Joseph  |e author  |9 583407 
245 1 3 |a El cuarto de hora para Dios o Consideraciones en forma de meditaciones para todos los días del año 
250 |a 3a. ed 
300 |a 602 p 
942 |c BK 
945 |d 20151127 13:45:00  |a gsalatino 
260 |a París  |b A. y R. Roger y F. Chernoviz, editores  |c 1904 
650 0 |a Vida espiritual  |9 307811 
650 0 |a Ejercicios espirituales   |9 318608 
650 0 |a Vida cristiana  |9 258753 
650 0 |a Meditaciones  |9 309833 
583 |a last modification  |c 20151127 13:45:00  |k Rodrigo Vera 
999 |c 361969  |d 361967 
952 |0 0  |1 0  |3 erd  |4 0  |6 248_340000000000000_LAR_1904  |7 0  |8 P  |9 472745  |a BIBTEO  |b BIBTES  |c TEO_FTES  |i 5271967  |o 248.34 LAR 1904  |p 5271967  |r 2024-01-18  |w 2019-11-24  |y BK  |z Catalogado en:20151127  |k ICR